000
00265nam a2200109Ia 4500
008
180117s9999 xx 000 0 und d
245
_a
Submissions
260
_c
2017
300
_a
22-24 pages, 2017 August 20
440
_a
Philippine Panorama
650
_a
KULATERAL
999
_c
353440
_d
353440